000 00383nam a2200145Ia 4500
008 100415s9999 xx 000 0 und d
082 _b1105
_a574.92
100 _aBoulenger EG
245 _aA Natural History of the Sea
260 _aLONDON
_c1935
_bDUCKWORTH
365 _b0
630 _aA Natural History of the Sea
730 _aA Natural History of the Sea
942 _cBOOK
999 _c584164
_d584161